Horror Movie Characters - Statistics

General Stats
  • This quiz has been taken 89 times
    76 since last reset
  • The average score is 15 of 45
Answer Stats
Movie Answer % Correct
A Nightmare on Elm Street Freddy Krueger
95%
It Pennywise
88%
Child's Play Chucky
84%
Scream Ghostface
83%
Halloween Michael Myers
80%
Saw Jigsaw
73%
The Texas Chainsaw Massacre Leatherface
73%
Friday The 13th Jason Voorhees
70%
Candyman Candyman
67%
Hellraizer Pinhead
64%
Krampus Krampus
61%
Psycho Norman Bates
48%
Alien Xenomorph
47%
Cujo Cujo
45%
Leprechaun Leprechaun
41%
Trick r Treat Sam
41%
Jeepers Creepers The Creeper
38%
The Nun Valak
38%
The Shining Jack Torrance
36%
The Curse Of La Llorona La Llorona
36%
The Babadook Babadook
33%
Frankenstein Frankenstein's Monster
30%
The Silence Of The Lambs Hannibal Lector
27%
The Ring Samara Morgan/Sadako Yamamura
22%
The Crooked Man The Crooked Man
20%
Exorcist (Demon) Pazuzu
19%
Gremlins Stripe
16%
The Creature From The Black Lagoon Gill-man
14%
Insidious Lipstick-Face Demon
13%
A Quiet Place Death Angel
8%
The Grudge Kayako
8%
Pet Semetary Gage
6%
Sinister Bagul
5%
Annabelle (Demon) Malthus
5%
Carrie Margaret White
5%
Bird Box The Creatures
5%
13 Ghosts (Main Ghost) The Jackal
5%
Predator Yautja
5%
The Conjuring Bathsheba Sherman
3%
Killer Clowns From Outer space (Main Clown) Jumbo
3%
An American Werewolf in London David Kessler
2%
The Blair Witch Project Elly Kedward
0%
Happy Death Day Lori Spengler
0%
Scary Stories To Tell In The Dark Sarah Bellows
0%
The Purge The Silent Leader
0%
No matching quizzes found
Score Distribution
Percent of People with Each Score
Percentile by Number Answered
Your Score History
You have not taken this quiz since the last reset